| 000 | 00615nam a2200241Ia 4500 | ||
|---|---|---|---|
| 001 | 21310 | ||
| 003 | GE_BSU | ||
| 008 | 181216s||||||||xx |||||||||||||| ||und|| | ||
| 020 | _a9780253018700 | ||
| 040 | _cGE_BSU | ||
| 080 | _a327.1 | ||
| 100 | _aBlack, Jeremy M. | ||
| 245 | _aGeopolitics and the Quest for Dominance | ||
| 260 | _aBloomington | ||
| 260 | _bIndiana University Press | ||
| 260 | _c2016 | ||
| 300 | _a335p. 23cm. | ||
| 541 | _h92 Gel. | ||
| 653 | _aGeopolitics and the Quest for Dominance | ||
| 653 | _aГеополитика | ||
| 653 | _aგეოპოლიტიკა | ||
| 942 | _cBK | ||
| 999 |
_c54254 _d54254 |
||